000 002250000a22000970004500
100 1 _aSahu, Siddharta
245 1 0 _aIndia : Empowering the people
300 _aNúm 33 (1992), Páginas 14-15
773 0 _tTogether
942 _cANA
999 _c56363
_d56363